00752nam a2200253 a 4500001001300000003000900013005001700022008004100039020001000080082001500090100001900105245004100124260004400165300000900209500003500218505001000253650002400263650002900287700001900316902000800335942000700343952013100350999001700481nice12345678IN_TiNIC20260116014549.0050524s2000 lona grp 000 0 eng  ac14500a958.1bELL aEllis, Deborah aBreadwinnerb Stravation Or Survival aLondan bOxford University Press c2000 a170p aincludes index and biblioraphy2 aIndex aAfghanistan-Taliban aReligions-Fundamentalism1 aEllis, Deborah bSRS cBK 001040708StackRoom-aHMIbHMId2007-05-30g145.00l1m3o958.1 ELLp020194r2015-11-24s2015-08-12v145.00w2005-05-24yBK c15991d15991